Rubber growing in Gabon (Record no. 67634)

MARC details
000 -LEADER
fixed length control field 00313nam a2200121Ia 4500
100 ## - MAIN ENTRY--AUTHOR NAME
Personal name Enjalric F
245 #0 - TITLE STATEMENT
Title Rubber growing in Gabon
260 ## - PUBLICATION, DISTRIBUTION, ETC. (IMPRINT)
Name of publisher Plantations, Recherche, Developpement
Year of publication 1998
300 ## - PHYSICAL DESCRIPTION
Number of Pages 325-332
700 ## - ADDED ENTRY--PERSONAL NAME
Personal name Ngoua Assoumou H G
942 ## - ADDED ENTRY ELEMENTS (KOHA)
Koha item type Journals
Holdings
Withdrawn status Lost status Damaged status Not for loan Home library Current library Shelving location Date acquired Serial Enumeration / chronology Koha item type
      Journals RRII Library RRII Library Soils and agonomy 17/12/2021 Volume 5, Issue 5 Journals